000 00593nam a2200241Ia 4500
003 OSt
005 20221007111620.0
006 a|||||r|||| 00| 0
007 ta
008 221006b |||||||| |||| 00| 0 eng d
024 _a23,927
037 _cTextual
040 _aLCO
_cLCO
_beng
041 _2eng
_aeng
082 _aZ2,94, M5
100 _aDayal R.
245 0 _aIndian Evidence Act
260 _aAllahabad
_bAllahabad Law Agency India
_c1982
300 _a371+12
650 _aEVIDENCE
942 _hZ2,94, M5
_cTEXL
999 _c1193490
_d1193490